Normal view
MARC view
- R. C. Sheriff
Entry Personal Name
001 - CONTROL NUMBER
- control field: 108400
003 - CONTROL NUMBER IDENTIFIER
- control field: NUST
005 - DATE AND TIME OF LATEST TRANSACTION
- control field: 20230201133002.0
008 - FIXED-LENGTH DATA ELEMENTS
- fixed length control field: 230201|| aca||aabn | a|a d
040 ## - CATALOGING SOURCE
- Original cataloging agency: NUST
- Transcribing agency: NUST
100 ## - HEADING--PERSONAL NAME
- Personal name: R. C. Sheriff
670 ## - SOURCE DATA FOUND
- Source citation: Work cat.: (NUST)193979: R. C. Sheriff, The hopkins manuscript / , 1939
